| 000 | 00706cab a2200217 4500 | ||
|---|---|---|---|
| 001 | WB2503-37 | ||
| 008 | 090401t1989 xxu||||| |||| 00| 0 eng d | ||
| 035 | _a(Sirsi) u37447 | ||
| 041 | _aeng | ||
| 245 | _aRevaluation will hit retailers hard | ||
| 260 | _c1989 | ||
| 350 | _a0 | ||
| 490 |
_aDaily Telegraph _v19/1/89 p22 |
||
| 520 | _aAssesses the likely effects of the rating revaluation on shop property and includes a bar chart showing rates as a percentage of total accommodation costs for cities nationwide. | ||
| 650 | _aNATIONAL NON DOMESTIC RATE | ||
| 650 | _aRETAIL PROPERTY | ||
| 650 | _aUNIFORM BUSINESS RATE | ||
| 690 | _aRATING AND VALUATION | ||
| 942 | _n0 | ||
| 948 | _c04/03/1997 | ||
| 999 |
_c24202 _d24202 |
||